[Event "4NCL Online Division 5"]
[Site "online"]
[Date "2020.11.03"]
[Round "6.63"]
[White "Keerthi Kumar, Advait"]
[Black "Covey, Jason"]
[Result "0-1"]
[WhiteElo "1150"]
[BlackElo "1990"]
[PlyCount "94"]
[EventDate "2020.11.03"]
[WhiteTeam "Watford Juniors B"]
[BlackTeam "Barnet Knights A"]

1. d4 e6 2. Bf4 Nf6 3. c3 Be7 4. Nd2 b6 5. e3 Bb7 6. Ngf3 O-O 7. Bd3 c5 8. O-O
d6 9. Qc2 Re8 10. Bg5 Nbd7 11. Rfe1 h6 12. Bh4 Rc8 13. Rac1 Qc7 14. e4 cxd4 15.
cxd4 Qxc2 16. Rxc2 Rxc2 17. Bxc2 Rc8 18. Bd3 e5 19. d5 Nc5 20. Bf1 Kf8 21. Bb5
a6 22. Bf1 b5 23. Bxf6 Bxf6 24. Rc1 Ke7 25. g3 Rc7 26. b4 Ne6 27. Rxc7+ Nxc7
28. Nb3 Bc8 29. Na5 Bg4 30. Nc6+ Kd7 31. Bg2 Ne8 32. h4 Kc7 33. Nd2 Bd7 34. Na5
g5 35. hxg5 Bxg5 36. Nf3 Bc1 37. Ne1 Kb6 38. f3 Bd2 39. Nc2 Bxb4 40. Nxb4 Kxa5
41. Nc2 b4 42. Bf1 Bb5 43. Bxb5 Kxb5 44. a3 b3 45. Ne3 b2 46. Nd1 b1=Q 47. Kf2
Qxd1 0-1

[Event "4NCL Online Division 5"]
[Site "online"]
[Date "2020.11.03"]
[Round "6.64"]
[White "Kesterson, Kennan"]
[Black "Shah, Prem C"]
[Result "1-0"]
[WhiteElo "1982"]
[BlackElo "1037"]
[PlyCount "69"]
[EventDate "2020.11.03"]
[WhiteTeam "Barnet Knights A"]
[BlackTeam "Watford Juniors B"]

1. e4 d5 2. exd5 Nf6 3. d4 Qxd5 4. c4 Qd6 5. Nc3 e5 6. Nf3 e4 7. Ne5 Be7 8. Be2
O-O 9. Be3 Nc6 10. Nxc6 Qxc6 11. O-O Bb4 12. d5 Qd6 13. Bd4 c5 14. Bxf6 Qxf6
15. Nxe4 Qxb2 16. Bf3 Bf5 17. Qd3 Rfe8 18. g4 Bxe4 19. Bxe4 g6 20. a3 Ba5 21.
Rab1 Qe5 22. f3 Bc7 23. Rf2 b6 24. d6 Rad8 25. d7 Re7 26. Rd1 Rdxd7 27. Qxd7
Rxd7 28. Rxd7 Kg7 29. Bd5 Bb8 30. Rxf7+ Kh6 31. f4 Qa1+ 32. Kg2 Qxa3 33. g5+
Kh5 34. Rxh7+ Kg4 35. Be6# 1-0

[Event "4NCL Online Division 5"]
[Site "online"]
[Date "2020.11.03"]
[Round "6.72"]
[White "Nettleton, Robin"]
[Black "Martellotta, Gabriele"]
[Result "1-0"]
[WhiteElo "1335"]
[BlackElo "1367"]
[PlyCount "111"]
[EventDate "2020.11.03"]
[WhiteTeam "Harrow 4"]
[BlackTeam "Uxbridge Bombers B"]

1. Nf3 d5 2. g3 Nf6 3. Bg2 Bf5 4. d3 Nbd7 5. O-O e5 6. Nh4 Be6 7. b3 Bd6 8. Bb2
O-O 9. c4 Rb8 10. Nc3 dxc4 11. dxc4 c6 12. Ne4 Be7 13. Nf3 Nxe4 14. Nxe5 Nxe5
15. Bxe5 Nf6 16. Bxb8 Qxb8 17. Re1 Rd8 18. Qc2 Bb4 19. Red1 h6 20. a3 Be7 21.
Rd2 Rxd2 22. Qxd2 Qe5 23. Rd1 Kh7 24. a4 Ng4 25. b4 g6 26. h3 Nf6 27. f4 Qc7
28. e4 Qb6+ 29. Kh2 Bxb4 30. Qb2 c5 31. Qxf6 Bxc4 32. Qxb6 axb6 33. Rd7 Ba5 34.
Rxb7 Bb3 35. e5 Kg7 36. Bc6 c4 37. e6 Bb4 38. e7 Bxe7 39. Rxe7 c3 40. Rc7 Kf6
41. Be4 Bxa4 42. Rxc3 b5 43. Rc6+ Ke7 44. Rb6 Kd7 45. Bd3 Kc7 46. Rf6 b4 47.
Rxf7+ Kc6 48. Rf6+ Kc5 49. Rxg6 b3 50. Rxh6 Kd4 51. Bb1 Kc3 52. Rb6 Kb2 53. Be4
Ka3 54. f5 b2 55. f6 Ka2 56. f7 1-0

[Event "4NCL Online Division 5"]
[Site "online"]
[Date "2020.11.03"]
[Round "6.73"]
[White "Bhat, Advay"]
[Black "Shah, Kyal"]
[Result "1/2-1/2"]
[WhiteElo "1382"]
[BlackElo "1271"]
[PlyCount "65"]
[EventDate "2020.11.03"]
[WhiteTeam "Uxbridge Bombers B"]
[BlackTeam "Harrow 4"]

1. e4 e6 2. Nc3 d5 3. exd5 exd5 4. d4 Nf6 5. Nf3 Bb4 6. Bd2 O-O 7. Be2 Bf5 8.
O-O Nbd7 9. Bg5 c6 10. Ne5 h6 11. Bh4 Re8 12. Nxd7 Bxd7 13. Bf3 Bf5 14. Ne2 Qe7
15. c3 Bd6 16. Re1 Qd8 17. h3 g5 18. Bg3 Bxg3 19. Nxg3 Rxe1+ 20. Qxe1 Bg6 21.
b4 Qd7 22. Qe5 Kg7 23. Qe1 Re8 24. Qd2 Ne4 25. Nxe4 Bxe4 26. Bxe4 dxe4 27. Re1
f5 28. f4 Kg6 29. Qe3 Qd5 30. a4 Qc4 31. a5 b6 32. axb6 axb6 33. g4 1/2-1/2

[Event "4NCL Online Division 5"]
[Site "online"]
[Date "2020.11.03"]
[Round "6.74"]
[White "Walker, David J R"]
[Black "Cepoi, Gesneria-Codruta"]
[Result "1-0"]
[WhiteElo "1240"]
[BlackElo "1375"]
[PlyCount "125"]
[EventDate "2020.11.03"]
[WhiteTeam "Harrow 4"]
[BlackTeam "Uxbridge Bombers B"]

1. d4 Nf6 2. c4 c6 3. Nc3 d5 4. cxd5 cxd5 5. Bg5 e6 6. Nf3 Be7 7. e3 h6 8. Bh4
g5 9. Bg3 Nc6 10. Bb5 a6 11. Ba4 b5 12. Bc2 b4 13. Na4 O-O 14. O-O Bd7 15. Nc5
Bc8 16. Qd3 Bd6 17. Bxd6 Qxd6 18. h3 Re8 19. Ba4 g4 20. Ne5 Bd7 21. Bxc6 Bxc6
22. Rac1 Bb5 23. Qb3 Rac8 24. Rfe1 Bc4 25. Qxb4 Rb8 26. Qc3 Rec8 27. b3 Ne4 28.
Qc2 Bb5 29. a4 Nxc5 30. dxc5 Rxc5 31. Qxc5 Qxe5 32. axb5 Rxb5 33. Qc8+ Kg7 34.
Qc3 Qxc3 35. Rxc3 gxh3 36. gxh3 f5 37. f4 a5 38. Ra1 Kf6 39. b4 axb4 40. Rb3 e5
41. fxe5+ Kxe5 42. Ra4 f4 43. exf4+ Kxf4 44. Raxb4+ Rxb4 45. Rxb4+ Ke5 46. Kf2
d4 47. Ke2 Ke4 48. Kd2 h5 49. h4 Kd5 50. Kd3 Kc5 51. Rxd4 Kc6 52. Rf4 Kd5 53.
Rf5+ Ke6 54. Rxh5 Kf6 55. Ke4 Kg6 56. Rd5 Kf6 57. h5 Kg7 58. Rd6 Kh7 59. Kf5
Kh8 60. Rd7 Kg8 61. Kg6 Kh8 62. h6 Kg8 63. Rd8# 1-0

[Event "4NCL Online Division 5"]
[Site "online"]
[Date "2020.11.03"]
[Round "6.81"]
[White "Gill, Veer"]
[Black "Huhn, Robert M"]
[Result "1-0"]
[WhiteElo "1225"]
[BlackElo "1442"]
[PlyCount "107"]
[EventDate "2020.11.03"]
[WhiteTeam "Hatch End B"]
[BlackTeam "Broken Herts"]

1. e4 c6 2. d4 d5 3. e5 Bf5 4. Bd3 Bxd3 5. Qxd3 e6 6. Nf3 Nd7 7. Bg5 Ne7 8. Nc3
h6 9. Bh4 Qb6 10. Na4 Qb4+ 11. Nc3 Nf5 12. Qd2 Nxh4 13. Nxh4 c5 14. Nf3 cxd4
15. Nxd4 Nxe5 16. O-O Bc5 17. Nb3 Bd6 18. a3 Qb6 19. Na4 Qc7 20. f4 Nc4 21. Qc3
Bxf4 22. g3 Be5 23. Qf3 O-O 24. c3 Qc6 25. Nac5 Qb6 26. Qf2 Bd6 27. Rad1 Bxc5
28. Nxc5 Qxb2 29. Qf3 b6 30. Nd7 Qxa3 31. Nxf8 Qxf8 32. Rd4 Nd2 33. Rxd2 Rc8
34. Rdf2 f6 35. Re1 Qf7 36. Rfe2 Re8 37. Qg4 e5 38. Rf1 Qe7 39. Qg6 Qc5+ 40.
Ref2 Rf8 41. Kg2 Qc6 42. Rf3 a5 43. Re3 Rc8 44. Ref3 Rf8 45. Re3 Rc8 46. Rd3 a4
47. Rf5 a3 48. Rh5 a2 49. Rxh6 a1=Q 50. Rh7 d4+ 51. Kh3 Qf1+ 52. Kh4 Qd7 53.
cxd4 Qdf5 54. Qxg7# 1-0

[Event "4NCL Online Division 5"]
[Site "online"]
[Date "2020.11.03"]
[Round "6.82"]
[White "Gilmour, Ian"]
[Black "Shah, Ashok"]
[Result "1-0"]
[WhiteElo "1412"]
[BlackElo "1210"]
[PlyCount "83"]
[EventDate "2020.11.03"]
[WhiteTeam "Broken Herts"]
[BlackTeam "Hatch End B"]

1. d4 d5 2. Bf4 Nc6 3. Nc3 Nf6 4. Nb5 e5 5. dxe5 Ne4 6. Qxd5 Bb4+ 7. c3 Qxd5 8.
Nxc7+ Kd8 9. Nxd5 Bc5 10. e3 Bf5 11. f3 g5 12. fxe4 Bxe4 13. Bxg5+ Be7 14. Nxe7
Nxe7 15. Rd1+ Ke8 16. Bb5+ Nc6 17. Bxc6+ bxc6 18. Nf3 Rg8 19. h4 h6 20. Bxh6
Rxg2 21. Ng5 Bc2 22. Rd2 Rd8 23. Rxd8+ Kxd8 24. Nxf7+ Kc7 25. e6 Be4 26. e7 Kd7
27. Nd6 Bg6 28. e8=Q+ Bxe8 29. Nxe8 Kxe8 30. Rf1 Kd7 31. Rf2 Rg4 32. Bg5 Ra4
33. a3 Ra5 34. Rh2 Rb5 35. Bf4 a6 36. h5 Ke6 37. h6 Kf7 38. h7 Kg7 39. h8=Q+
Kg6 40. Qf8 Rf5 41. Rg2+ Kh5 42. Qh8# 1-0

[Event "4NCL Online Division 5"]
[Site "online"]
[Date "2020.11.03"]
[Round "6.83"]
[White "Scales, Barry"]
[Black "Cooper, John L"]
[Result "1/2-1/2"]
[WhiteElo "1142"]
[BlackElo "1225"]
[PlyCount "134"]
[EventDate "2020.11.03"]
[WhiteTeam "Hatch End B"]
[BlackTeam "Broken Herts"]

1. e4 c5 2. Bc4 e6 3. Nc3 Nc6 4. a3 a6 5. Nf3 b5 6. Ba2 c4 7. O-O Be7 8. d3 d5
9. e5 Bc5 10. b4 cxb3 11. Bxb3 Bd4 12. Nxd4 Nxd4 13. Qg4 Nf5 14. d4 Nge7 15.
Bg5 O-O 16. Ne2 Qc7 17. c3 Ng6 18. Nf4 Bb7 19. Ne2 f6 20. exf6 gxf6 21. Nf4
fxg5 22. Nxe6 Qxc3 23. Nxf8 Rxf8 24. Ba2 Qxd4 25. Qxg5 Qf6 26. Qd2 Rd8 27. Rac1
Nfe7 28. Rc7 Bc8 29. Rc3 Kg7 30. Rf3 Qd6 31. Qc3+ Ne5 32. Rg3+ Kf6 33. Bb1 d4
34. Qe1 Bf5 35. Bxf5 Nxf5 36. Rb3 d3 37. Qa1 d2 38. Rbb1 Ke6 39. h3 Qd5 40. Kh1
Nh4 41. Rg1 Nef3 42. Qg7 Nxg1 43. Qg4+ Ke5 44. Qg5+ Nf5 45. Rxg1 d1=Q 46. Rxd1
Qxd1+ 47. Kh2 Qd4 48. Qc1 Qf4+ 49. Kg1 Rd2 50. Qc3+ Qd4 51. Qc7+ Nd6 52. Qe7+
Kd5 53. Qg5+ Kc4 54. Qg8+ Kc3 55. Qg3+ Kc2 56. Qf3 Ne4 57. Qf5 Qxf2+ 58. Qxf2
Rxf2 59. Kh2 Rf1 60. h4 Ra1 61. Kh3 Rxa3+ 62. g3 Rxg3+ 63. Kh2 Rg7 64. Kh3 Nf2+
65. Kh2 a5 66. h5 a4 67. h6 Rg6 1/2-1/2

[Event "4NCL Online Division 5"]
[Site "online"]
[Date "2020.11.03"]
[Round "6.84"]
[White "Shergill, Ranjit"]
[Black "Smyth, Peter"]
[Result "1-0"]
[WhiteElo "1037"]
[BlackElo "1000"]
[PlyCount "41"]
[EventDate "2020.11.03"]
[WhiteTeam "Broken Herts"]
[BlackTeam "Hatch End B"]

1. e4 e6 2. Nf3 Nc6 3. g3 Nh6 4. Bg2 d5 5. Qe2 Bb4 6. O-O Qd6 7. d4 dxe4 8.
Qxe4 Nf5 9. c3 Ba5 10. Bf4 h6 11. Bxd6 Nxd6 12. Qd3 b6 13. b4 f5 14. bxa5 Nxa5
15. Ne5 O-O 16. Bxa8 Bb7 17. Bxb7 Ndxb7 18. Qa6 Ra8 19. Nc6 Nxc6 20. Qxb7 Na5
21. Qxa8+ 1-0

[Event "4NCL Online Division 5"]
[Site "online"]
[Date "2020.11.03"]
[Round "6.91"]
[White "Freund, Michael P"]
[Black "Bimpson, Tom"]
[Result "1-0"]
[WhiteElo "1770"]
[BlackElo "1943"]
[PlyCount "47"]
[EventDate "2020.11.03"]
[WhiteTeam "Sheffield Deaf"]
[BlackTeam "Spirit of Atticus B"]

1. d4 d6 2. Bf4 c6 3. Nd2 h6 4. Ngf3 g5 5. Bg3 Bg7 6. e3 Nd7 7. c3 Nf8 8. Bd3
Nf6 9. O-O Nh5 10. Ne4 d5 11. Ned2 Nxg3 12. hxg3 Bd7 13. e4 dxe4 14. Bxe4 Qc7
15. Nc4 Nh7 16. Bxh7 Rxh7 17. Re1 Be6 18. Qd3 Rh8 19. Rxe6 fxe6 20. Qg6+ Kd7
21. Qxg7 Raf8 22. Qe5 Qxe5 23. Ncxe5+ Kc7 24. Ng6 1-0

[Event "4NCL Online Division 5"]
[Site "online"]
[Date "2020.11.03"]
[Round "6.92"]
[White "Hall, John"]
[Black "Gibson, Stephen"]
[Result "1-0"]
[WhiteElo "1979"]
[BlackElo "1502"]
[PlyCount "45"]
[EventDate "2020.11.03"]
[WhiteTeam "Spirit of Atticus B"]
[BlackTeam "Sheffield Deaf"]

1. e4 e6 2. d4 a6 3. Nf3 b5 4. c4 Bb7 5. d5 Nf6 6. e5 Ne4 7. dxe6 Bb4+ 8. Nc3
Nxc3 9. exf7+ Kxf7 10. bxc3 Bxc3+ 11. Bd2 Bxa1 12. cxb5 Bd5 13. Qxa1 Qe7 14.
Qd4 c6 15. Bb4 Qd8 16. Bc4 Bxc4 17. Qxc4+ Ke8 18. O-O cxb5 19. Qg4 g6 20. e6 d6
21. e7 Qd7 22. Qd4 Rg8 23. Qd5 1-0

[Event "4NCL Online Division 5"]
[Site "online"]
[Date "2020.11.03"]
[Round "6.93"]
[White "Cooper, Howard"]
[Black "Buckley, Colm"]
[Result "0-1"]
[WhiteElo "1375"]
[BlackElo "2012"]
[PlyCount "58"]
[EventDate "2020.11.03"]
[WhiteTeam "Sheffield Deaf"]
[BlackTeam "Spirit of Atticus B"]

1. d4 e6 2. Bf4 Nf6 3. e3 b6 4. Bd3 Bb7 5. Nf3 c5 6. c3 Be7 7. O-O O-O 8. Nbd2
d5 9. Bc2 Nc6 10. b3 Rc8 11. Qb1 cxd4 12. Nxd4 Nxd4 13. cxd4 Ba6 14. Re1 Bb4
15. Qc1 Bd3 16. Qb2 Rxc2 17. Qb1 Rxd2 18. Qc1 Rc2 19. Qd1 Bg6 20. Re2 Qc8 21.
a3 Rxe2 22. Qxe2 Qc3 23. Qa2 Be7 24. h3 Rc8 25. Kh2 Qc2 26. Qxc2 Rxc2 27. Kg3
Ne4+ 28. Kf3 Rxf2+ 29. Kg4 h5# 0-1

[Event "4NCL Online Division 5"]
[Site "online"]
[Date "2020.11.03"]
[Round "6.94"]
[White "White, Colin"]
[Black "Litherland, Reuben"]
[Result "0-1"]
[WhiteElo "1637"]
[BlackElo "1375"]
[PlyCount "78"]
[EventDate "2020.11.03"]
[WhiteTeam "Spirit of Atticus B"]
[BlackTeam "Sheffield Deaf"]

1. d4 d5 2. c4 e6 3. Nc3 Nf6 4. Bg5 c5 5. e3 h6 6. Bxf6 gxf6 7. dxc5 dxc4 8.
Qa4+ Nd7 9. Qxc4 Bxc5 10. Rd1 a6 11. b4 Bb6 12. Nf3 Qc7 13. Qb3 Ne5 14. Be2 O-O
15. Ne4 Kg7 16. O-O f5 17. Qb2 f6 18. Ng3 Nxf3+ 19. Bxf3 Qe5 20. Qc2 Rd8 21.
Nh5+ Kg6 22. Nf4+ Kf7 23. Bh5+ Kg7 24. Nd3 Qc7 25. Qe2 e5 26. Rc1 Qe7 27. Rfd1
Be6 28. Qf3 e4 29. Qg3+ Kf8 30. Nf4 Rxd1+ 31. Rxd1 Bf7 32. Bxf7 Qxf7 33. Ng6+
Ke8 34. Ne5 fxe5 35. Qxe5+ Kf8 36. Qh8+ Qg8 37. Qxh6+ Qg7 38. Qxb6 Kg8 39. Rd6
Qa1+ 0-1

[Event "4NCL Online Division 5"]
[Site "online"]
[Date "2020.11.03"]
[Round "6.101"]
[White "Kalavadia, Kunal"]
[Black "Milnes, Anthony C P"]
[Result "0-1"]
[WhiteElo "700"]
[BlackElo "1960"]
[PlyCount "50"]
[EventDate "2020.11.03"]
[WhiteTeam "Watford Juniors C"]
[BlackTeam "Maidenhead 1"]

1. e4 e6 2. g3 d5 3. exd5 exd5 4. Qe2+ Be7 5. Kd1 Nf6 6. b3 O-O 7. Bg2 Re8 8.
Nf3 Bg4 9. h3 Bh5 10. Rg1 Bc5 11. Qf1 Ne4 12. Bb2 Bxf2 13. Rh1 Bxg3 14. Kc1 Nc6
15. Nc3 Bg6 16. Qd3 Nf2 17. Qf1 Nxh1 18. Bxh1 Nb4 19. a3 Nxc2 20. Ra2 Ne1 21.
Nxd5 Nxf3 22. Qxf3 Re1+ 23. Qd1 c6 24. b4 cxd5 25. d4 Qg5# 0-1

[Event "4NCL Online Division 5"]
[Site "online"]
[Date "2020.11.03"]
[Round "6.102"]
[White "Smith, Nigel D"]
[Black "Karthik, Trivikraman"]
[Result "1-0"]
[WhiteElo "1960"]
[BlackElo "700"]
[PlyCount "53"]
[EventDate "2020.11.03"]
[WhiteTeam "Maidenhead 1"]
[BlackTeam "Watford Juniors C"]

1. d4 d6 2. c4 Nf6 3. Nc3 Nbd7 4. e4 e5 5. Nf3 Be7 6. Be2 c6 7. O-O Qc7 8. h3
O-O 9. Be3 a6 10. Qd2 b5 11. cxb5 axb5 12. a3 Bb7 13. Rac1 Ra5 14. Rfd1 Nh5 15.
dxe5 b4 16. axb4 Rd5 17. exd5 cxd5 18. Nxd5 Qd8 19. Nxe7+ Qxe7 20. Qxd6 Qd8 21.
Qxd7 Qa8 22. Rc7 Bd5 23. Rxd5 Qa1+ 24. Rd1 Qa8 25. Bc5 Qa4 26. Bxf8 Kxf8 27.
Qxf7# 1-0

[Event "4NCL Online Division 5"]
[Site "online"]
[Date "2020.11.03"]
[Round "6.103"]
[White "Balakrishnan, Akshata"]
[Black "Janota, Paul S"]
[Result "0-1"]
[WhiteElo "700"]
[BlackElo "1855"]
[PlyCount "94"]
[EventDate "2020.11.03"]
[WhiteTeam "Watford Juniors C"]
[BlackTeam "Maidenhead 1"]

1. e4 e6 2. Nf3 d5 3. exd5 exd5 4. Qe2+ Be7 5. d4 Nf6 6. Bf4 O-O 7. Nc3 Bb4 8.
O-O-O Bxc3 9. bxc3 Ne4 10. Ng5 Nxg5 11. Qh5 Ne4 12. Bd3 Nf6 13. Qh4 Be6 14. Be5
Nbd7 15. Rhe1 Nxe5 16. dxe5 Ne4 17. Qh5 Qg5+ 18. Qxg5 Nxg5 19. f4 Ne4 20. g3
Nxc3 21. Rd2 Nxa2+ 22. Kb1 Nb4 23. Bb5 a6 24. Ba4 b5 25. Bb3 Rad8 26. c3 Nc6
27. c4 bxc4 28. Ba4 Rb8+ 29. Kc1 Nb4 30. Rb2 Nd3+ 31. Kd1 Nxb2+ 32. Kd2 Nxa4
33. Ra1 c3+ 34. Kd3 Bf5+ 35. Kd4 Rb4+ 36. Ke3 d4+ 37. Kf3 d3 38. Ke3 Rd8 39. e6
Bxe6 40. g4 d2 41. f5 Bc8 42. g5 d1=Q 43. Rxd1 Rxd1 44. f6 c2 45. fxg7 c1=Q+
46. Kf3 Qc3+ 47. Kg2 Rb2# 0-1

[Event "4NCL Online Division 5"]
[Site "online"]
[Date "2020.11.03"]
[Round "6.104"]
[White "Mashayekh, Majid"]
[Black "Naren, Riyanna"]
[Result "1-0"]
[WhiteElo "1855"]
[BlackElo "700"]
[PlyCount "59"]
[EventDate "2020.11.03"]
[WhiteTeam "Maidenhead 1"]
[BlackTeam "Watford Juniors C"]

1. Nf3 e5 2. Nxe5 Nc6 3. Nf3 Ne5 4. Nxe5 d6 5. Nf3 Ne7 6. e4 g6 7. d4 f5 8. e5
g5 9. Bxg5 h6 10. Bh4 Nd5 11. Bxd8 Kxd8 12. c4 a6 13. cxd5 f4 14. e6 b6 15. Bd3
c5 16. dxc6 Bxe6 17. O-O d5 18. Ne5 Bg7 19. Qc2 Bxe5 20. dxe5 Re8 21. c7+ Kc8
22. Nd2 Rd8 23. cxd8=Q+ Kxd8 24. Rac1 d4 25. Qc7+ Ke8 26. Bg6+ Kf8 27. Qd6+ Kg8
28. Qxe6+ Kg7 29. Qf7+ Kh8 30. Qh7# 1-0

[Event "4NCL Online Division 5"]
[Site "online"]
[Date "2020.11.03"]
[Round "6.111"]
[White "Karthikeyan, Pranav"]
[Black "Adatia, Amar"]
[Result "1-0"]
[WhiteElo "700"]
[BlackElo "1375"]
[PlyCount "59"]
[EventDate "2020.11.03"]
[WhiteTeam "BCC Foxes"]
[BlackTeam "Streatham C"]

1. e4 c5 2. Nf3 d6 3. c3 e6 4. d4 cxd4 5. cxd4 Nf6 6. Nc3 Nbd7 7. Bb5 a6 8. Ba4
b5 9. Bc2 Bb7 10. a3 Be7 11. Be3 O-O 12. O-O Rc8 13. Rc1 Qc7 14. Bb1 Qb8 15.
Nd2 Rfd8 16. f4 Qa8 17. Qe1 d5 18. e5 Ng4 19. Rf3 Nxe3 20. Qxe3 Nb6 21. Rh3 Nc4
22. Nxc4 dxc4 23. Bxh7+ Kf8 24. Be4 g6 25. Bxb7 Qxb7 26. Ne4 Qd5 27. Rd1 Kg7
28. f5 exf5 29. Qh6+ Kg8 30. Qh8# 1-0

[Event "4NCL Online Division 5"]
[Site "online"]
[Date "2020.11.03"]
[Round "6.112"]
[White "Yordanov, Denislav"]
[Black "Tran, Le Gia Khuong"]
[Result "0-1"]
[WhiteElo "1352"]
[BlackElo "700"]
[PlyCount "106"]
[EventDate "2020.11.03"]
[WhiteTeam "Streatham C"]
[BlackTeam "BCC Foxes"]

1. e4 e5 2. Nf3 Nc6 3. Bc4 Nf6 4. Nc3 Bc5 5. O-O O-O 6. d3 d6 7. Bg5 h6 8. Bxf6
Qxf6 9. Nd5 Qd8 10. h3 Ne7 11. Nxe7+ Qxe7 12. a3 Be6 13. Bxe6 Qxe6 14. c3 f5
15. exf5 Rxf5 16. Re1 Raf8 17. d4 Rxf3 18. gxf3 Qxh3 19. Re3 Rf6 20. f4 Rg6+
21. Rg3 Rxg3+ 22. fxg3 Qxg3+ 23. Kf1 exd4 24. cxd4 Qxf4+ 25. Ke1 Bxd4 26. Qb3+
Kf8 27. Ke2 Qf2+ 28. Kd3 Qe3+ 29. Kc2 Qxb3+ 30. Kxb3 g5 31. Rf1+ Kg7 32. Kc4
Be5 33. Kd5 h5 34. Ke6 Kg6 35. Kd7 g4 36. Kxc7 h4 37. Kxb7 h3 38. Kc6 g3 39.
Kd5 h2 40. Ke4 g2 41. Re1 g1=Q 42. Rxg1+ hxg1=Q 43. Kd5 Qd4+ 44. Ke6 Qg4+ 45.
Ke7 Qf5 46. Ke8 Qe6+ 47. Kd8 Qf7 48. Kc8 d5 49. Kd8 a5 50. b4 axb4 51. axb4
Qc7+ 52. Ke8 Bd6 53. b5 Qe7# 0-1

[Event "4NCL Online Division 5"]
[Site "online"]
[Date "2020.11.03"]
[Round "6.113"]
[White "Panunzio, Jacopo"]
[Black "Buckman, Cyrus"]
[Result "1-0"]
[WhiteElo "700"]
[BlackElo "1188"]
[PlyCount "35"]
[EventDate "2020.11.03"]
[WhiteTeam "BCC Foxes"]
[BlackTeam "Streatham C"]

1. d4 d5 2. c4 dxc4 3. e4 e6 4. Nc3 Nf6 5. Nf3 Bd7 6. Bg5 Bb4 7. e5 Nh5 8. Bxd8
Kxd8 9. Ng5 Nf4 10. Nxf7+ Ke8 11. Nxh8 Bxc3+ 12. bxc3 Nd5 13. Qf3 Bc6 14. Qf7+
Kd8 15. Qf8+ Be8 16. Bxc4 Nd7 17. Nf7+ Kc8 18. Qxe8# 1-0

[Event "4NCL Online Division 5"]
[Site "online"]
[Date "2020.11.03"]
[Round "6.114"]
[White "McNeil, Eric Dylan"]
[Black "Wang, Mark"]
[Result "1-0"]
[WhiteElo "932"]
[BlackElo "700"]
[PlyCount "73"]
[EventDate "2020.11.03"]
[WhiteTeam "Streatham C"]
[BlackTeam "BCC Foxes"]

1. e4 e5 2. Nf3 Nc6 3. Bc4 Bc5 4. c3 Nf6 5. d4 exd4 6. cxd4 Bb4+ 7. Nc3 Bxc3+
8. bxc3 Nxe4 9. Qb3 O-O 10. O-O Na5 11. Qc2 Nxc4 12. Qxe4 Re8 13. Qd3 d5 14.
Bg5 Qd7 15. Rfe1 Rxe1+ 16. Rxe1 b6 17. Bf4 Ba6 18. Ng5 g6 19. Nf3 Bb7 20. Bh6
Re8 21. Rxe8+ Qxe8 22. h3 Bc8 23. Ng5 Qe1+ 24. Kh2 Qxf2 25. Ne4 Qxa2 26. Qf3
Bf5 27. Nf6+ Kh8 28. Qxd5 Qxg2+ 29. Kxg2 Ne3+ 30. Bxe3 Kg7 31. Ng4 h5 32. Bh6+
Kg8 33. Qd8+ Kh7 34. Qf8 Be4+ 35. Kg3 h4+ 36. Kh2 f5 37. Nf6# 1-0

[Event "4NCL Online Division 5"]
[Site "online"]
[Date "2020.11.03"]
[Round "6.121"]
[White "Lewis, John B"]
[Black "Claret, Ray R"]
[Result "0-1"]
[WhiteElo "1487"]
[BlackElo "1450"]
[PlyCount "62"]
[EventDate "2020.11.03"]
[WhiteTeam "Warley and Quinborne"]
[BlackTeam "St Albans 3"]

1. d4 d5 2. c4 Nf6 3. Nc3 c6 4. Bg5 e6 5. a3 Be7 6. Nf3 Nbd7 7. e3 O-O 8. cxd5
exd5 9. Bd3 c5 10. dxc5 Nxc5 11. b4 Nxd3+ 12. Qxd3 Be6 13. O-O a6 14. Rac1 Rc8
15. h3 Re8 16. Ne2 Nh5 17. Rxc8 Qxc8 18. Rc1 Qd7 19. Bxe7 Qxe7 20. g4 Nf6 21.
Ne5 g6 22. Nd4 Kg7 23. f4 Ne4 24. Qf1 f6 25. Nef3 f5 26. g5 Bf7 27. Ne5 h6 28.
h4 hxg5 29. fxg5 Rh8 30. Qh3 Nxg5 31. Qg3 Ne4 0-1

[Event "4NCL Online Division 5"]
[Site "online"]
[Date "2020.11.03"]
[Round "6.122"]
[White "Branch, Graham"]
[Black "Berry, Steve"]
[Result "1/2-1/2"]
[WhiteElo "1427"]
[BlackElo "1472"]
[PlyCount "73"]
[EventDate "2020.11.03"]
[WhiteTeam "St Albans 3"]
[BlackTeam "Warley and Quinborne"]

1. c4 e6 2. d4 c5 3. e3 a6 4. Nf3 Nf6 5. Bd3 d5 6. O-O Be7 7. Nc3 Nc6 8. dxc5
Bxc5 9. cxd5 exd5 10. a3 O-O 11. b4 Bb6 12. Bb2 Bg4 13. Be2 Qd7 14. Na4 Bd8 15.
Nc5 Qc7 16. Nd4 Bxe2 17. Qxe2 Rb8 18. Rac1 Qc8 19. Rfd1 Bc7 20. Qc2 Ng4 21. Nf3
Qe8 22. Rxd5 Nce5 23. Nxe5 Nf6 24. Rd2 Bxe5 25. Bxe5 Qxe5 26. Qc3 Qe7 27. Rcd1
Rbc8 28. Qd3 h6 29. f3 Rfe8 30. e4 Qc7 31. Nd7 Nxd7 32. Qxd7 Qb6+ 33. Qd4 Qc7
34. Qd7 Qb6+ 35. Kf1 Rf8 36. Qd4 Qc7 37. Qd7 1/2-1/2

[Event "4NCL Online Division 5"]
[Site "online"]
[Date "2020.11.03"]
[Round "6.123"]
[White "Woodward, Pauline"]
[Black "Deland, Stephen"]
[Result "0-1"]
[WhiteElo "1255"]
[BlackElo "1420"]
[PlyCount "94"]
[EventDate "2020.11.03"]
[WhiteTeam "Warley and Quinborne"]
[BlackTeam "St Albans 3"]

1. e4 d5 2. exd5 Nf6 3. c4 e6 4. Nc3 Bd6 5. Nf3 O-O 6. Bd3 c6 7. O-O exd5 8.
cxd5 Nxd5 9. Nxd5 cxd5 10. Bc2 Nc6 11. d4 Bg4 12. Qd3 g6 13. a3 Bxf3 14. Qxf3
Nxd4 15. Qd3 Nxc2 16. Qxc2 Qc7 17. Qxc7 Bxc7 18. Bd2 Rfe8 19. Rfe1 Rac8 20. Bc3
Bb6 21. g3 f5 22. Bd2 Kf7 23. b4 Re4 24. Kg2 Rce8 25. Rf1 Re2 26. Bc3 d4 27.
Be1 d3 28. Rd1 Rd8 29. Bc3 Ra2 30. Ra1 Rxa1 31. Bxa1 Ke6 32. Kf3 Kd5 33. Rd1
Kc4 34. Bb2 Kb3 35. Rd2 Bd4 36. Rxd3+ Kxb2 37. a4 Bf6 38. Rxd8 Bxd8 39. b5 Ka3
40. h4 Kxa4 41. Ke3 Kxb5 42. Kd4 a5 43. Ke5 a4 44. Ke6 a3 45. Kf7 a2 46. Kg7
a1=Q+ 47. Kxh7 Bxh4 0-1

[Event "4NCL Online Division 5"]
[Site "online"]
[Date "2020.11.03"]
[Round "6.131"]
[White "Vig, Sanjay"]
[Black "Duckers, Harvey L"]
[Result "1-0"]
[WhiteElo "1562"]
[BlackElo "2080"]
[PlyCount "93"]
[EventDate "2020.11.03"]
[WhiteTeam "Watford 3"]
[BlackTeam "Crowthorne 1"]

1. e4 c5 2. Nc3 e6 3. Bc4 a6 4. a4 Qc7 5. d3 Nf6 6. f4 d6 7. Nf3 Nc6 8. O-O Be7
9. Qe1 Rb8 10. Qg3 g6 11. f5 gxf5 12. Bg5 Nd4 13. Qh4 Ng4 14. exf5 Nxf3+ 15.
Rxf3 Ne5 16. Re3 Nxc4 17. dxc4 Qd8 18. Bxe7 Qxe7 19. f6 Qd8 20. Nd5 b6 21. Rd1
Rb7 22. Ne7 Rxe7 23. fxe7 Qxe7 24. Qxe7+ Kxe7 25. Rb3 Rd8 26. Rxb6 Rd7 27. c3
Bb7 28. b4 cxb4 29. cxb4 a5 30. c5 Bd5 31. c6 Rc7 32. b5 Bb3 33. Rd4 d5 34. Rb7
Kd6 35. Rf4 f5 36. Kf2 Rxb7 37. cxb7 Kc7 38. Ke3 Kxb7 39. Kd4 Kc7 40. Ke5 Kd7
41. Rh4 h5 42. Rxh5 Bxa4 43. Rh7+ Kc8 44. b6 Bc6 45. Ra7 a4 46. Kxe6 d4 47.
Rc7+ 1-0

[Event "4NCL Online Division 5"]
[Site "online"]
[Date "2020.11.03"]
[Round "6.132"]
[White "Gnanagurusamy, Ganeshbabu"]
[Black "Tathare, Sandesh"]
[Result "1-0"]
[WhiteElo "1896"]
[BlackElo "1540"]
[PlyCount "97"]
[EventDate "2020.11.03"]
[WhiteTeam "Crowthorne 1"]
[BlackTeam "Watford 3"]

1. e4 d5 2. exd5 Nf6 3. d4 c6 4. c4 a6 5. Nc3 Bg4 6. Be2 Bf5 7. Nf3 cxd5 8. Qb3
dxc4 9. Bxc4 e6 10. Qxb7 Nbd7 11. O-O Be7 12. Ne5 O-O 13. Nc6 Qe8 14. Nxe7+
Qxe7 15. Qf3 Rfd8 16. Bg5 Qb4 17. Bb3 Qxd4 18. Rad1 Qg4 19. Qxg4 Bxg4 20. Rd4
h6 21. Rxg4 Nxg4 22. Bxd8 Rxd8 23. Rd1 Ngf6 24. Ba4 Kf8 25. Rd6 a5 26. Kf1 Ke7
27. Ra6 Nc5 28. Rxa5 Nxa4 29. Rxa4 Rd2 30. Rb4 Rc2 31. h3 Nd5 32. Nxd5+ exd5
33. a4 d4 34. Rxd4 Rxb2 35. g3 Ra2 36. Kg2 f5 37. g4 fxg4 38. hxg4 g5 39. Kg3
Kf6 40. Rd6+ Kg7 41. Ra6 Ra3+ 42. f3 Ra2 43. Ra8 Ra1 44. a5 Ra3 45. a6 Ra2 46.
a7 Ra3 47. Kf2 Ra6 48. Ke2 Kf7 49. Rh8 1-0